Thực đơn cho người mẹ mới sinh con : Dinh dưỡng mẹ và bé

Uloženo v:
Podrobná bibliografie
Hlavní autor: Lương, Nghi Đào
Médium: Kniha
Jazyk:Undetermined
Vydáno: Hà Nội Phụ Nữ 2004
Témata:
Tagy: Přidat tag
Žádné tagy, Buďte první, kdo otaguje tento záznam!
Thư viện lưu trữ: Trung tâm Học liệu Trường Đại học Cần Thơ
LEADER 00580nam a2200205Ia 4500
001 CTU_93019
008 210402s9999 xx 000 0 und d
020 |c 30000 
082 |a 613.269 
082 |b Đ108 
100 |a Lương, Nghi Đào 
245 0 |a Thực đơn cho người mẹ mới sinh con : 
245 0 |b Dinh dưỡng mẹ và bé 
245 0 |c Lương Nghi Đào 
260 |a Hà Nội 
260 |b Phụ Nữ 
260 |c 2004 
650 |a Cookery 
904 |i Truc, QHieu 
980 |a Trung tâm Học liệu Trường Đại học Cần Thơ